| 000 | 00894 a2200253 4500 | ||
|---|---|---|---|
| 005 | 20080826152110.0 | ||
| 008 | 080826t xxu||||| |||| 00| 0 eng d | ||
| 010 | _aENG-91139 | ||
| 020 |
_a9780070669215 _c245.00 |
||
| 035 | _aEN-74672 | ||
| 037 | _bDBAD / PUB | ||
| 040 |
_aDPL _bEnglish |
||
| 082 | _a621.31042 | ||
| 100 | _aBhattacharya, S.K. | ||
| 245 |
_aElectrical machines / _cby S.K. Bhattacharya |
||
| 250 | _a3rd ed | ||
| 260 |
_aNew Delhi _bTata McGraw-Hill Publishing _c2009 |
||
| 270 |
_a7 West Patel Nagar _bNew Delhi _e110008 |
||
| 300 |
_axv, 545 p.: _c24 cm (pbk) _bill. |
||
| 500 | _aincludes index | ||
| 650 | _aElectric machinery. | ||
| 942 |
_adpl _cEN _2ddc _mBHA _h621.31042 |
||
| 999 |
_c16241 _d16241 |
||